Temas de teoría y filosofía del derecho

Tallennettuna:
Bibliografiset tiedot
Päätekijä: Lorca Navarrete, José F. (autor)
Aineistotyyppi: Kirja
Kieli:espanja
Julkaistu: Madrid Pirámide 1998
Painos:3a. ed
Aiheet:
Tagit: Lisää tagi
Ei tageja, Lisää ensimmäinen tagi!

MARC

LEADER 00000cam a2200000 a 4500
001 UCG9552
003 CL-VaPUC
008 120323e19980000SP |||||||||||||||||spa|d
020 |a 8436812549 
082 0 4 |a 340.1  |b LOR  |2 21 
100 |a Lorca Navarrete, José F.  |e autor  |9 561153 
245 1 0 |a Temas de teoría y filosofía del derecho 
250 |a 3a. ed 
300 |a 583 p 
942 |c BK 
945 |d 20120323 00:00:00  |a cmena 
260 |a Madrid  |b Pirámide  |c 1998 
650 0 |a Teoría del derecho  |9 255982 
650 0 |a Filosofía del derecho   |9 255050 
650 0 |a Ontología   |9 256850 
650 0 |a Derechos humanos  |9 223025 
650 0 |a Estado de derecho  |9 257795 
583 |a last modification  |c 20120323 11:52:00  |k Rodrigo Vera 
999 |c 347100  |d 347098 
952 |0 0  |1 0  |4 0  |6 340_100000000000000_LOR_1998  |7 0  |8 A  |9 448209  |a BIBDER  |b BIBDER  |d 2019-11-22  |i 4840879  |o 340.1 LOR 1998  |p 4840879  |r 2023-01-25  |w 2019-11-22  |y BK  |k DER